000 00618nam a2200241Ia 4500
001 28598
005 20240114001057.0
007 ta
008 060614s2001 g b000 u 465 u
040 _aCotton College,Assam
041 _a465
082 _a311.2
_bG 959 St
100 _aGupta, S.P. .
245 0 _aStatistical Methods /
_cS.P. Gupta.
_hTextual Documents
250 _a13th ed. /
260 _aNew Delhi :
_bSultan Chand & Sons ,
_c2001.
300 _a1425p. ;
_c24cm.
653 _aStatistics
653 _aG-Statistics
942 _2ddc
_cBK
999 _c28580
_d28580